000 00371nam a2200145Ia 4500
008 231129s1974||||xx |||||||||||||| ||spa||
020 _a84-02-03468-3
040 _bspa
082 _a153.1 L865c
100 _aLorayne Harry
245 0 _aCómo adquirir una supermemoria
260 _c1974
264 _aBruguera
942 _2ddc
_cBKS
999 _c7439
_d7439